| 000 | 01009nam a2200253J 4500 | ||
|---|---|---|---|
| 008 | |||
| 020 | _a0914168096 (hbk.) | ||
| 049 | _aMAIN | ||
| 090 |
_aRB33 _bNET |
||
| 100 | 1 |
_aNetter, Frank H. _q(Frank Henry), _d1906-1991 |
|
| 245 | 1 | 4 |
_aThe Ciba collection of medical illustrations vol. 7 respiratory system : _ba compilation of paintings depicting anatomy and embryology, physiology, pathology, pathophysiology and clinical features and treatment of diseases/ _cprepared by Frank H. Netter. |
| 260 |
_aSummit, New Jersey : _bCIBA Pharmaceutical Company, _c1979. |
||
| 300 |
_axv, 328 p. : _bcol. ill. ; _c32 cm. |
||
| 500 | _aIncludes index. | ||
| 504 | _aIncludes bibliographical references. | ||
| 650 | 0 |
_aAnatomy, Pathological _xAtlases. |
|
| 650 | 0 |
_aHuman anatomy _vAtlases. |
|
| 710 | 2 | _aCiba Pharmaceutical Products. | |
| 907 |
_a.b10394412 _b30-10-18 _c30-10-18 |
||
| 003 | |||
| 005 | 20230120204232.0 | ||
| 040 | _cNUST | ||
| 942 |
_cBOOKS _kRB33 _mNET |
||
| 999 |
_c119564 _d119564 |
||